000 00375nam a2200157Ia 4500
008 230524s9999 xx 000 0 und d
082 _a4
_bKAN
100 _aYashavant Kanitkar
_917310
245 0 _aUnderstanding Pointers In C
250 _a1ST
260 _aNEW DELHI
_bBPB
_c1997
300 _aX;311
500 _aQuantity Number: 1
650 _aComp-Sc
942 _cBK
999 _c26148
_d26148